000 00961nam a22002297a 4500
001 79035
003 BD-RjUL
005 20211220125022.0
008 211220s2020 bg ||||| |||| 00| 0 ben d
020 _a9789849137139
_c: Tk. 650.00
035 _a(BD-RjUL)79035
040 _aBD-RjUL
_beng
_cBD-RjUL
041 _aben
082 _223
_a954.9205092
_bSAD 2020
245 _aবঙ্গবন্ধু, স্বাধীনতা ও বাংলাদেশ /
_cসম্পাদক জি এম তারিকুল ইসলাম
260 _aঢাকা :
_bগ্রন্থকুটির,
_c২০২০
300 _a২৩৮ পৃ.:
_bচিত্রসমূহ;
_c২৪ সেমি.
600 _aমুজিবুর রহমান,
_cশেখ,
_d১৯২০-১৯৭৫
_9166
600 _aMujibur Rahman,
_cSheikh,
_d1920-1975
_9167
700 _aইসলাম, জি এম তারিকুল
_9278
942 _2ddc
_cBK
999 _c79035
_d79035